000 00682nam a2200241Ia 4500
005 20250508163902.0
008 008 250505s9999 xx 000 0 eng d
020 _a0-415-21994-9
037 _aReference
040 _aFEDL
_beng
_cFEDL
041 _aeng
_2eng
084 _a370.72, MCN
_qFEDL
100 _aMcNiff Jean
245 0 _aAction research: Principles and practice
250 _a2
260 _aLondon, UK
_bRoutledge
_c2002
300 _axi, 163p.
365 _aGBP
_b14.99
650 _aAction research in education; Teacher education
_9776671
700 _a Whitehead Jack
_9776672
942 _cREF
_h370.72, MCN
999 _c1385783
_d1385783